[Event "Arber Seniors op 6th"]
[Site "Bayerisch Eisenstein"]
[Date "2018.08.03"]
[Round "7"]
[White "Kuempers, Ulrich"]
[Black "Meul, Willi"]
[Result "1-0"]
[WhiteElo "2042"]
[BlackElo "1921"]
[PlyCount "89"]
[EventDate "2018.07.28"]
[EventType "swiss"]
[EventRounds "9"]
[EventCountry "GER"]
[SourceTitle "CBM 185 Extra"]
[Source "ChessBase"]
[SourceDate "2018.07.29"]
[SourceVersion "1"]
[SourceVersionDate "2018.07.29"]
[SourceQuality "1"]

1. d4 d5 2. c4 e6 3. Nc3 Nf6 4. Bg5 Be7 5. e3 Nbd7 6. Nf3 h6 7. Bf4 c6 8. Qc2 0-0 9. cxd5 exd5 10. Bd3 Re8 11. 0-0 a6 12. Rfc1 Nf8 13. h3 Be6 14. Rab1 Bd6 15. Bxd6 Qxd6 16. b4 Re7 17. a4 b6 18. Ne2 Rc7 19. a5 bxa5 20. bxa5 N8d7 21. Qa4 c5 22. Qa3 Qf8 23. dxc5 Rxc5 24. Rxc5 Qxc5 25. Qxc5 Nxc5 26. Bc2 Nfe4 27. Ned4 Bd7 28. Rb4 Nd6 29. Ne5 Bb5 30. Nec6 Kf8 31. g4 Ke8 32. f4 f6 33. Nxb5 axb5 34. Rd4 Kd7 35. Nb4 Rxa5 36. Rxd5 Ncb7 37. e4 Ra1+ 38. Kf2 Ke7 39. e5 fxe5 40. fxe5 Nc4 41. Rxb5 Nd8 42. Bf5 Rh1 43. Rc5 Nd2 44. Rc7+ Ke8 45. Bg6+ 1-0

[Event "Arber Seniors op 6th"]
[Site "Bayerisch Eisenstein"]
[Date "2018.08.02"]
[Round "6"]
[White "Meul, Willi"]
[Black "Hilbig, Dieter"]
[Result "1-0"]
[WhiteElo "1921"]
[BlackElo "1996"]
[PlyCount "93"]
[EventDate "2018.07.28"]
[EventType "swiss"]
[EventRounds "9"]
[EventCountry "GER"]
[SourceTitle "CBM 185 Extra"]
[Source "ChessBase"]
[SourceDate "2018.07.29"]
[SourceVersion "1"]
[SourceVersionDate "2018.07.29"]
[SourceQuality "1"]

1. d4 d5 2. Bf4 Nf6 3. e3 c5 4. c3 e6 5. Nd2 Nc6 6. Bd3 cxd4 7. exd4 Bd6 8. Bg3 0-0 9. Ngf3 Nh5 10. Ne5 g6 11. Qe2 f6 12. Nxc6 bxc6 13. 0-0-0 Nf4 14. Bxf4 Bxf4 15. g3 Bd6 16. f4 Qa5 17. Kb1 Rb8 18. Nb3 Qb6 19. Qc2 Rf7 20. h4 a5 21. h5 g5 22. fxg5 fxg5 23. Rdf1 a4 24. Nc5 Rxf1+ 25. Rxf1 Qc7 26. Qf2 a3 27. b4 Qg7 28. h6 Qe7 29. Qf6 Qxf6 30. Rxf6 Bxc5 31. dxc5 Ra8 32. Kc2 Ra7 33. Kb3 Re7 34. Kxa3 Bb7 35. Kb3 e5 36. a4 e4 37. Be2 Rc7 38. Rf5 Rc8 39. g4 Ra8 40. Rxg5+ Kh8 41. Rg7 Ba6 42. b5 Rb8 43. Ra7 Bb7 44. b6 Bc8 45. a5 Be6 46. Re7 Bg8 47. Kc2 1-0

[Event "Arber Seniors op 6th"]
[Site "Bayerisch Eisenstein"]
[Date "2018.07.29"]
[Round "2"]
[White "Meul, Willi"]
[Black "Boeven, Manfred"]
[Result "1/2-1/2"]
[WhiteElo "1921"]
[BlackElo "2069"]
[PlyCount "117"]
[EventDate "2018.07.28"]
[EventType "swiss"]
[EventRounds "9"]
[EventCountry "GER"]
[SourceTitle "CBM 185 Extra"]
[Source "ChessBase"]
[SourceDate "2018.07.29"]
[SourceVersion "1"]
[SourceVersionDate "2018.07.29"]
[SourceQuality "1"]

1. d4 d5 2. Bf4 Bf5 3. e3 e6 4. c4 c6 5. Qb3 Qb6 6. c5 Qxb3 7. axb3 a6 8. Nc3 Nd7 9. Nf3 Ngf6 10. h3 h6 11. b4 Rc8 12. Be2 Be7 13. Nd2 0-0 14. g4 Bh7 15. g5 hxg5 16. Bxg5 Rfe8 17. f4 Ne4 18. Ncxe4 Bxe4 19. Nxe4 dxe4 20. Bxe7 Rxe7 21. Kf2 g6 22. h4 Kg7 23. h5 Rh8 24. Rag1 Ree8 25. Rg5 Rh6 26. Rhg1 Kf6 27. hxg6 Rxg6 28. Rxg6+ fxg6 29. Rg5 Rh8 30. Kg2 Kg7 31. Bd1 Nf6 32. Be2 Nd5 33. Re5 Nxe3+ 34. Kf2 Nd5 35. Rxe4 Nxb4 36. Bg4 Re8 37. Be2 Kf6 38. Kg3 Nc2 39. Bd1 Nb4 40. Be2 Nd5 41. Bg4 Kf7 42. Re5 Nf6 43. Bh3 Nh5+ 44. Kf3 Ng7 45. Re3 Nf5 46. Rd3 Rd8 47. Ke4 Kf6 48. Bg4 Rh8 49. Rh3 Rxh3 50. Bxh3 Ne7 51. Bf1 a5 52. b3 Nd5 53. Bc4 b5 54. cxb6 Nxb6 55. Bd3 Nc8 56. Ba6 Nd6+ 57. Ke3 Kf5 58. Bd3+ Kf6 59. Ba6 1/2-1/2

[Event "Schleswig Holstein-ch Seniors op 11th"]
[Site "Buesum"]
[Date "2017.09.14"]
[Round "7"]
[White "Bordasch, Christian"]
[Black "Meul, Willi"]
[Result "0-1"]
[WhiteElo "1805"]
[BlackElo "1938"]
[PlyCount "102"]
[EventDate "2017.09.08"]
[EventType "swiss"]
[EventRounds "9"]
[EventCountry "GER"]
[SourceTitle "EXT 2019"]
[Source "ChessBase"]
[SourceDate "2018.10.10"]
[SourceVersion "1"]
[SourceVersionDate "2018.10.10"]
[SourceQuality "1"]

1. d4 d5 2. c4 e6 3. Nc3 Nf6 4. Bg5 Be7 5. Nf3 Nbd7 6. e3 h6 7. Bh4 b6 8. Rc1 Bb7 9. Be2 0-0 10. cxd5 exd5 11. 0-0 a6 12. h3 Ne4 13. Bxe7 Qxe7 14. Nh2 Ndf6 15. Ng4 Nxg4 16. Bxg4 f5 17. Bf3 Kh7 18. Ne2 c5 19. b3 Rac8 20. Nf4 g5 21. Nd3 c4 22. Ne5 b5 23. Bxe4 fxe4 24. Qh5 Qe8 25. Qxe8 Rfxe8 26. Nd7 Rc6 27. Ne5 Rc7 28. b4 Bc8 29. a3 Bf5 30. Rc2 Kg7 31. Kh2 h5 32. Rfc1 a5 33. Rc3 axb4 34. axb4 Ra8 35. Rb1 Bd7 36. Kg1 Be8 37. Kf1 Rca7 38. Rb2 Ra1+ 39. Ke2 h4 40. f3 Rg1 41. Kf2 Raa1 42. Rcc2 exf3 43. Kxf3 Bh5+ 44. Ng4 Bg6 45. Rf2 Be4+ 46. Ke2 Rxg2 47. Rxg2 Bxg2 48. Nf2 Ra3 49. e4 dxe4 50. d5 Bf3+ 51. Ke1 e3 0-1

[Event "MVP-ch Seniors op 16th"]
[Site "Binz"]
[Date "2016.12.01"]
[Round "9.23"]
[White "Krueger, Horst"]
[Black "Meul, Willi"]
[Result "1-0"]
[WhiteElo "2083"]
[BlackElo "1883"]
[PlyCount "81"]
[EventDate "2016.11.23"]
[EventType "swiss"]
[EventRounds "9"]
[EventCountry "GER"]
[SourceTitle "EXT 2018"]
[Source "ChessBase"]
[SourceDate "2017.10.13"]
[SourceVersion "1"]
[SourceVersionDate "2017.10.13"]
[SourceQuality "1"]

1. c4 Nf6 2. g3 g6 3. Bg2 c6 4. Nc3 d5 5. d4 Bg7 6. Nf3 0-0 7. Ne5 Na6 8. 0-0 Be6 9. c5 Nd7 10. Nxd7 Qxd7 11. e3 Bh3 12. Bxh3 Qxh3 13. b4 Nc7 14. a4 a6 15. Bd2 e5 16. Ne2 Rfe8 17. Bc3 e4 18. Nf4 Qd7 19. Kg2 Bh6 20. Bd2 Bxf4 21. exf4 f5 22. h3 Ne6 23. Be3 Ng7 24. Rb1 Kf7 25. Qe2 Qc7 26. b5 axb5 27. axb5 Qa5 28. bxc6 bxc6 29. Ra1 Qb5 30. Qxb5 cxb5 31. Rfb1 Rxa1 32. Rxa1 Ne6 33. Ra6 Rb8 34. Ra7+ Ke8 35. Rxh7 b4 36. Bc1 b3 37. Bb2 Rb4 38. c6 Rc4 39. Rb7 Nxd4 40. Bxd4 Rxd4 41. Rb8+ 1-0

[Event "MVP-ch Seniors op 16th"]
[Site "Binz"]
[Date "2016.11.26"]
[Round "4.53"]
[White "Zechel, Rolf Ruediger"]
[Black "Meul, Willi"]
[Result "1/2-1/2"]
[WhiteElo "1670"]
[BlackElo "1883"]
[PlyCount "52"]
[EventDate "2016.11.23"]
[EventType "swiss"]
[EventRounds "9"]
[EventCountry "GER"]
[SourceTitle "EXT 2018"]
[Source "ChessBase"]
[SourceDate "2017.10.13"]
[SourceVersion "1"]
[SourceVersionDate "2017.10.13"]
[SourceQuality "1"]

1. d4 Nf6 2. c4 g6 3. Nc3 d5 4. cxd5 Nxd5 5. e4 Nxc3 6. bxc3 c5 7. Bc4 Bg7 8. Ne2 0-0 9. 0-0 cxd4 10. cxd4 Nc6 11. Be3 b6 12. a3 e6 13. f4 Bb7 14. e5 Ne7 15. Rc1 Rc8 16. Qd3 Qd7 17. Ba6 Nd5 18. Bd2 Rxc1 19. Rxc1 Rc8 20. Rxc8+ Qxc8 21. Bxb7 Qxb7 22. Nc3 Bf8 23. Nxd5 Qxd5 24. Bb4 b5 25. g3 a6 26. Qc3 Bxb4 1/2-1/2

[Event "MVP-ch Seniors op 16th"]
[Site "Binz"]
[Date "2016.11.24"]
[Round "2.30"]
[White "Jung, Werner"]
[Black "Meul, Willi"]
[Result "1/2-1/2"]
[WhiteElo "2011"]
[BlackElo "1883"]
[PlyCount "81"]
[EventDate "2016.11.23"]
[EventType "swiss"]
[EventRounds "9"]
[EventCountry "GER"]
[SourceTitle "EXT 2018"]
[Source "ChessBase"]
[SourceDate "2017.10.13"]
[SourceVersion "1"]
[SourceVersionDate "2017.10.13"]
[SourceQuality "1"]

1. e4 c5 2. Nf3 d6 3. d4 cxd4 4. Nxd4 Nf6 5. Nc3 a6 6. Be2 e5 7. Nb3 Be6 8. 0-0 Be7 9. Be3 b5 10. f3 Nbd7 11. Nd5 Nxd5 12. exd5 Bf5 13. Bd3 Bxd3 14. Qxd3 0-0 15. a4 b4 16. c4 bxc3 17. bxc3 f5 18. Nd2 Qc7 19. Rfb1 Nc5 20. Qc2 g6 21. Rb4 Rfb8 22. Rab1 Rxb4 23. cxb4 Ne6 24. Nc4 Rc8 25. Rc1 Nd4 26. Bxd4 exd4 27. Na3 Qxc2 28. Rxc2 Rxc2 29. Nxc2 d3 30. Ne3 Bf6 31. Kf1 f4 32. Nc4 Kf8 33. b5 axb5 34. axb5 Ke7 35. Ke1 Bc3+ 36. Kd1 Kd7 37. Nd2 Kc7 38. Nc4 Bb4 39. Kc1 g5 40. Kd1 Kb7 41. Kc1 1/2-1/2

[Event "Schleswig Holstein-ch Seniors op 10th"]
[Site "Buesum"]
[Date "2016.09.30"]
[Round "5"]
[White "Eschweiler, Gottfried"]
[Black "Meul, Willi"]
[Result "1/2-1/2"]
[WhiteElo "1748"]
[BlackElo "1881"]
[PlyCount "22"]
[EventDate "2016.09.26"]
[EventType "swiss"]
[EventRounds "9"]
[EventCountry "GER"]
[SourceTitle "EXT 2019"]
[Source "ChessBase"]
[SourceDate "2018.10.10"]
[SourceVersion "1"]
[SourceVersionDate "2018.10.10"]
[SourceQuality "1"]

1. Nf3 Nf6 2. g3 g6 3. Bg2 Bg7 4. 0-0 0-0 5. d3 d5 6. Nbd2 Nbd7 7. Re1 e5 8. e4 dxe4 9. dxe4 Re8 10. b3 b6 11. Bb2 Bb7 1/2-1/2

[Event "Schleswig Holstein-ch Seniors op 10th"]
[Site "Buesum"]
[Date "2016.09.26"]
[Round "1"]
[White "Thormann, Wolfgang"]
[Black "Meul, Willi"]
[Result "1-0"]
[WhiteElo "2203"]
[BlackElo "1881"]
[PlyCount "45"]
[EventDate "2016.09.26"]
[EventType "swiss"]
[EventRounds "9"]
[EventCountry "GER"]
[SourceTitle "EXT 2019"]
[Source "ChessBase"]
[SourceDate "2018.10.10"]
[SourceVersion "1"]
[SourceVersionDate "2018.10.10"]
[SourceQuality "1"]

1. Nf3 Nf6 2. d4 g6 3. Bg5 Bg7 4. Nbd2 d5 5. c3 Nbd7 6. e3 0-0 7. h3 c5 8. Be2 b6 9. 0-0 Bb7 10. a4 Ne4 11. Nxe4 dxe4 12. Nd2 h6 13. Bh4 f5 14. f3 cxd4 15. cxd4 Nf6 16. Bxf6 Rxf6 17. fxe4 fxe4 18. Nc4 Qd5 19. Qb3 Rc8 20. Qb4 Rxf1+ 21. Rxf1 Qg5 22. Qb5 Bd5 23. h4 1-0

[Event "Arber op Seniors 4th"]
[Site "Bodenmais"]
[Date "2016.08.07"]
[Round "9"]
[White "Meul, Willi"]
[Black "Hesse, Rutger"]
[Result "1-0"]
[WhiteElo "1872"]
[BlackElo "1946"]
[PlyCount "53"]
[EventDate "2016.07.30"]
[EventType "swiss"]
[EventRounds "9"]
[EventCountry "GER"]
[SourceTitle "EXT 2017"]
[Source "ChessBase"]
[SourceDate "2016.10.25"]
[SourceVersion "1"]
[SourceVersionDate "2016.10.25"]
[SourceQuality "1"]

1. d4 d5 2. Nf3 Nc6 3. Bf4 Nf6 4. h3 e6 5. e3 Bd6 6. Bxd6 Qxd6 7. c4 dxc4 8. Nc3 Qb4 9. Qc2 b5 10. a3 Qa5 11. Nd2 Nd5 12. Be2 Bb7 13. 0-0 0-0 14. Nce4 e5 15. dxe5 Nxe5 16. a4 Qb6 17. axb5 Nxe3 18. fxe3 Qxe3+ 19. Rf2 Nd3 20. Bxd3 cxd3 21. Qc4 Rad8 22. Nc3 Rd6 23. Qf4 Qb6 24. Re1 Rg6 25. Qe3 Qd6 26. Nde4 Qe5 27. Nc5 1-0

[Event "Arber op Seniors 4th"]
[Site "Bodenmais"]
[Date "2016.07.30"]
[Round "1"]
[White "Meul, Willi"]
[Black "Koller, Hubert"]
[Result "0-1"]
[WhiteElo "1872"]
[BlackElo "2023"]
[PlyCount "78"]
[EventDate "2016.07.30"]
[EventType "swiss"]
[EventRounds "9"]
[EventCountry "GER"]
[SourceTitle "EXT 2017"]
[Source "ChessBase"]
[SourceDate "2016.10.25"]
[SourceVersion "1"]
[SourceVersionDate "2016.10.25"]
[SourceQuality "1"]

1. d4 Nf6 2. Nf3 c5 3. e3 g6 4. b3 Bg7 5. Bb2 b6 6. d5 d6 7. c4 0-0 8. Nc3 Nbd7 9. Qc2 a6 10. Be2 Ne5 11. Nxe5 dxe5 12. e4 Ne8 13. 0-0 Qc7 14. Rad1 Nd6 15. g3 Bh3 16. Rfe1 f5 17. Bf1 Bxf1 18. Rxf1 b5 19. cxb5 axb5 20. f3 b4 21. Na4 c4 22. Bc1 Qa7+ 23. Kg2 Rfc8 24. Qe2 c3 25. Be3 Qa6 26. Qxa6 Rxa6 27. exf5 gxf5 28. Rf2 Ra5 29. Bb6 Rb5 30. Rc2 Ra8 31. Be3 Ra6 32. Nc5 Raa5 33. Ne6 Rxd5 34. Rxd5 Rxd5 35. Nxg7 Kxg7 36. Kf2 Nb5 37. Ke2 f4 38. Bf2 Na3 39. Rc1 Rd2+ 0-1

[Event "Maastricht Limburg op-B 9th"]
[Site "Maastricht"]
[Date "2015.05.24"]
[Round "5"]
[White "Perdomo Araujo, Angel Eduardo"]
[Black "Meul, Willi"]
[Result "1-0"]
[WhiteElo "1979"]
[BlackElo "1831"]
[PlyCount "142"]
[EventDate "2015.05.22"]
[EventType "swiss"]
[EventRounds "7"]
[EventCountry "NED"]
[SourceTitle "EXT 2016"]
[Source "ChessBase"]
[SourceDate "2015.10.08"]
[SourceVersion "1"]
[SourceVersionDate "2015.10.08"]
[SourceQuality "1"]

1. a3 Nf6 2. d4 g6 3. Nf3 Bg7 4. c4 0-0 5. Nc3 d5 6. e3 b6 7. cxd5 Nxd5 8. Bc4 e6 9. 0-0 Nxc3 10. bxc3 Ba6 11. Bxa6 Nxa6 12. Qe2 Qc8 13. e4 c5 14. e5 cxd4 15. cxd4 Rd8 16. Bg5 Rd7 17. Rac1 Qb7 18. Qe3 Nc7 19. Qf4 Nd5 20. Qh4 Ne7 21. Bxe7 Rxe7 22. Ng5 h6 23. Ne4 g5 24. Qg4 Qd5 25. h4 Kf8 26. hxg5 Qxd4 27. gxh6 Bxh6 28. Qh5 Bg7 29. Rfe1 Qxe5 30. Ng5 Qf5 31. Re3 Qg6 32. Qxg6 fxg6 33. Nxe6+ Kg8 34. Nxg7 Rxe3 35. fxe3 Kxg7 36. Rc7+ Kg8 37. Re7 Kf8 38. Rd7 Re8 39. Kf2 Re7 40. Rd6 Kf7 41. Ke2 Re6 42. Rd7+ Re7 43. Rd8 Kf6 44. Kd3 Ke5 45. Rd4 Re6 46. Re4+ Kd5 47. Ra4 Re7 48. Rg4 Re6 49. Rg5+ Kc6 50. e4 b5 51. Kd4 a6 52. Rc5+ Kd7 53. e5 Rb6 54. Kd5 g5 55. Rc3 g4 56. Rc1 a5 57. Rh1 b4 58. Rh7+ Ke8 59. axb4 Rxb4 60. Ke6 Rb6+ 61. Kf5 g3 62. Rg7 Rb3 63. Kf6 Rb2 64. Rg8+ Kd7 65. e6+ Kd6 66. Rxg3 Rf2+ 67. Rf3 Rxg2 68. e7 Re2 69. Rd3+ Kc7 70. Rd8 Rf2+ 71. Kg5 Rg2+ 1-0

[Event "Maastricht Limburg op-B 9th"]
[Site "Maastricht"]
[Date "2015.05.23"]
[Round "3"]
[White "Meul, Willi"]
[Black "Klein, Gernot"]
[Result "0-1"]
[WhiteElo "1831"]
[BlackElo "1971"]
[PlyCount "94"]
[EventDate "2015.05.22"]
[EventType "swiss"]
[EventRounds "7"]
[EventCountry "NED"]
[SourceTitle "EXT 2016"]
[Source "ChessBase"]
[SourceDate "2015.10.08"]
[SourceVersion "1"]
[SourceVersionDate "2015.10.08"]
[SourceQuality "1"]

1. d4 d5 2. Nf3 c6 3. Bf4 Qb6 4. b3 Bf5 5. e3 Nf6 6. Bd3 Bg6 7. Ne5 Nbd7 8. Nxg6 hxg6 9. g4 e6 10. c3 Ne4 11. f3 g5 12. fxe4 gxf4 13. exd5 exd5 14. exf4 0-0-0 15. Qd2 Nf6 16. Kd1 Kb8 17. g5 Ne8 18. b4 Bd6 19. h4 Qc7 20. f5 Bf4 21. Qg2 f6 22. g6 Nd6 23. Nd2 Rde8 24. a4 Re3 25. Kc2 Rhe8 26. Rh3 Rxh3 27. Qxh3 Re3 28. Qg4 Bh6 29. Nf1 Re8 30. Qg3 Qe7 31. b5 Ka8 32. bxc6 bxc6 33. Rb1 Ne4 34. Qh2 Qa3 35. Bxe4 Qxa4+ 36. Rb3 dxe4 37. Qc7 Qa6 38. d5 Qe2+ 39. Kb1 Qxf1+ 40. Ka2 Qe2+ 41. Rb2 Qa6+ 42. Kb1 Rc8 43. Qd7 cxd5 44. Qxd5+ Qc6 45. Qb3 Qd7 46. Qb4 Re8 47. Ka2 Be3 0-1

[Event "GER-chA Seniors 26th"]
[Site "Bad Neuenahr"]
[Date "2014.08.13"]
[Round "9"]
[White "Gerhards, Walter"]
[Black "Meul, Willi"]
[Result "1/2-1/2"]
[WhiteElo "1942"]
[BlackElo "1880"]
[PlyCount "92"]
[EventDate "2014.08.05"]
[EventType "swiss"]
[EventRounds "9"]
[EventCountry "GER"]
[SourceTitle "EXT 2018"]
[Source "ChessBase"]
[SourceDate "2017.10.13"]
[SourceVersion "1"]
[SourceVersionDate "2017.10.13"]
[SourceQuality "1"]

1. e4 c5 2. Nf3 d6 3. d4 cxd4 4. Nxd4 a6 5. Nc3 Nf6 6. Be2 e6 7. Be3 Be7 8. Qd2 Qc7 9. f4 Nc6 10. Bf3 Nxd4 11. Bxd4 e5 12. Be3 b5 13. 0-0 Bb7 14. Rad1 Rc8 15. a3 Qc4 16. Qd3 0-0 17. Rf2 Qxd3 18. Rxd3 Rc4 19. fxe5 dxe5 20. Bg5 Bc5 21. Be3 Bxe3 22. Rxe3 Rd8 23. Rd3 Rcd4 24. Rfd2 Rxd3 25. cxd3 Kf8 26. Kf2 Ke7 27. Ke3 Nd7 28. b4 Nb6 29. Bd1 Bc6 30. Ne2 f6 31. Bb3 Be8 32. Rc2 Rc8 33. Rxc8 Nxc8 34. d4 exd4+ 35. Kxd4 Kd6 36. Nf4 Ne7 37. Nd3 Nc6+ 38. Ke3 Bd7 39. Bd5 Ne5 40. Nc5 Bc8 41. Kd4 g5 42. h3 h5 43. Nd3 Nxd3 44. Kxd3 Ke5 45. Bf7 Bb7 46. Bg6 h4 1/2-1/2

[Event "GER-chA Seniors 26th"]
[Site "Bad Neuenahr"]
[Date "2014.08.08"]
[Round "4"]
[White "Meul, Willi"]
[Black "Kierzek, Mira"]
[Result "1/2-1/2"]
[WhiteElo "1880"]
[BlackElo "2024"]
[PlyCount "120"]
[EventDate "2014.08.05"]
[EventType "swiss"]
[EventRounds "9"]
[EventCountry "GER"]
[SourceTitle "EXT 2018"]
[Source "ChessBase"]
[SourceDate "2017.10.13"]
[SourceVersion "1"]
[SourceVersionDate "2017.10.13"]
[SourceQuality "1"]

1. d4 Nf6 2. Nf3 e6 3. e3 b6 4. Bd3 Bb7 5. 0-0 Be7 6. Nbd2 0-0 7. e4 d6 8. Re1 c5 9. c3 Nc6 10. a3 a5 11. dxc5 dxc5 12. Qe2 e5 13. Nc4 Qc7 14. Bg5 Nd5 15. Bxe7 Ncxe7 16. Ne3 Rae8 17. Qc2 h6 18. Rad1 Nf6 19. Nc4 Ng6 20. a4 Nf4 21. Bf1 Bc6 22. g3 Ng6 23. Na3 Rd8 24. Rd2 Qb7 25. Bd3 Rd7 26. Nc4 Re8 27. b3 Ree7 28. Rde2 Re8 29. Nb2 Red8 30. Bb5 Bxb5 31. axb5 Qc7 32. Nc4 Ne8 33. Rd2 Rxd2 34. Nfxd2 Nd6 35. Nxd6 Qxd6 36. Nc4 Qc7 37. Rd1 Rd7 38. Rxd7 Qxd7 39. Nxb6 Qxb5 40. Nd5 c4 41. b4 Nf8 42. bxa5 Qxa5 43. Ne7+ Kh7 44. Qd2 Ne6 45. Nc6 Qb6 46. Qd5 Ng5 47. Kg2 Qb1 48. Nxe5 f6 49. Nxc4 Qxe4+ 50. Qxe4+ Nxe4 51. f4 Nxc3 52. Kf3 g6 53. Ne3 Kg7 54. g4 Kf7 55. h4 Nb5 56. f5 Nd6 57. fxg6+ Kxg6 58. Kf4 h5 59. gxh5+ Kxh5 60. Nd5 f5 1/2-1/2

[Event "Merano Gold Cup 42nd"]
[Site "Merano"]
[Date "2014.05.02"]
[Round "8"]
[White "Meul, Willi"]
[Black "Bauer, Dieter"]
[Result "1/2-1/2"]
[WhiteElo "1885"]
[BlackElo "1733"]
[PlyCount "58"]
[EventDate "2014.04.25"]
[EventType "swiss"]
[EventRounds "9"]
[EventCountry "ITA"]
[SourceTitle "EXT 2015"]
[Source "ChessBase"]
[SourceDate "2014.11.20"]
[SourceVersion "1"]
[SourceVersionDate "2014.11.20"]
[SourceQuality "1"]

1. d4 c5 2. e3 b6 3. Nf3 Bb7 4. Bd3 Nf6 5. Nbd2 g6 6. 0-0 Bg7 7. c3 0-0 8. e4 cxd4 9. cxd4 d5 10. e5 Nfd7 11. Qe2 e6 12. b3 Nc6 13. Ba3 Re8 14. Rac1 f6 15. Bb5 Rc8 16. Bxc6 Bxc6 17. exf6 Bxf6 18. Bd6 Bb7 19. Ne5 Nxe5 20. Bxe5 Be7 21. Nf3 Ba3 22. Rc2 Qe7 23. Rd1 Ba6 24. Qd2 Rxc2 25. Qxc2 Rc8 26. Qd2 Rc6 27. Ne1 Bb4 28. Qb2 Ba3 29. Qd2 Bb4 1/2-1/2

[Event "Merano Gold Cup 42nd"]
[Site "Merano"]
[Date "2014.04.28"]
[Round "4"]
[White "Rumi, Giuseppe"]
[Black "Meul, Willi"]
[Result "0-1"]
[WhiteElo "1599"]
[BlackElo "1885"]
[PlyCount "95"]
[EventDate "2014.04.25"]
[EventType "swiss"]
[EventRounds "9"]
[EventCountry "ITA"]
[SourceTitle "EXT 2015"]
[Source "ChessBase"]
[SourceDate "2014.11.20"]
[SourceVersion "1"]
[SourceVersionDate "2014.11.20"]
[SourceQuality "1"]

1. d4 Nf6 2. c4 g6 3. Nc3 d5 4. cxd5 Nxd5 5. Bd2 Bg7 6. e4 Nxc3 7. Bxc3 c5 8. d5 Bxc3+ 9. bxc3 0-0 10. Be2 a6 11. Nf3 b5 12. Qd2 Bg4 13. h3 Bxf3 14. gxf3 Qd6 15. h4 Nd7 16. f4 e6 17. c4 exd5 18. e5 Qb6 19. cxd5 c4 20. h5 Rfe8 21. Qc3 Qc5 22. e6 Qxd5 23. exf7+ Qxf7 24. hxg6 Qxg6 25. 0-0-0 Qf6 26. Qc2 Qxf4+ 27. Kb1 Nf6 28. Rdg1+ Kh8 29. Rg4 Qe5 30. Bf3 Ra7 31. Rg6 Rae7 32. Rgh6 Rg8 33. Rg6 Rxg6 34. Qxg6 Rg7 35. Qc2 Qf4 36. Qe2 c3 37. Bc6 Qb4+ 38. Kc1 Re7 39. Qc2 Qf4+ 40. Kb1 Qd2 41. Rd1 Qxc2+ 42. Kxc2 Re2+ 43. Kxc3 Rxa2 44. f3 h5 45. Rd6 Kg7 46. Bb7 h4 47. Rxa6 Rxa6 48. Bxa6 0-1

[Event "Bad Woerishofen Seniors op 30th"]
[Site "Bad Woerishofen"]
[Date "2014.03.29"]
[Round "9"]
[White "Meul, Willi"]
[Black "Aufmwasser, Guenter"]
[Result "1-0"]
[WhiteElo "1880"]
[BlackElo "1704"]
[PlyCount "105"]
[EventDate "2014.03.21"]
[EventType "swiss"]
[EventRounds "9"]
[EventCountry "GER"]
[SourceTitle "EXT 2019"]
[Source "ChessBase"]
[SourceDate "2018.10.10"]
[SourceVersion "1"]
[SourceVersionDate "2018.10.10"]
[SourceQuality "1"]

1. d4 Nf6 2. Nf3 g6 3. c4 Bg7 4. Nc3 0-0 5. e4 d6 6. Be2 Nbd7 7. Be3 Ng4 8. Bg5 f6 9. Bh4 Kh8 10. Qd2 c5 11. Rd1 Nh6 12. dxc5 Nxc5 13. b4 Ne6 14. Nd5 g5 15. Bg3 Nf7 16. h4 g4 17. Nh2 Bh6 18. Qc2 Ne5 19. Bxe5 fxe5 20. Nxg4 Nd4 21. Rxd4 Bxg4 22. Rd3 Rg8 23. f3 Be6 24. g4 Bxd5 25. exd5 Bf4 26. Rc3 b6 27. Bd3 Bg3+ 28. Kd1 Rg7 29. Bf5 a5 30. Rb3 a4 31. Ra3 b5 32. cxb5 e6 33. Bxe6 Qf6 34. Rc3 Rf8 35. Qf5 Rg6 36. Qxf6+ Rgxf6 37. Bf5 h5 38. Ke2 hxg4 39. fxg4 Bf4 40. Rc7 Rb8 41. Rc8+ Rf8 42. Rxf8+ Rxf8 43. Kd3 Rb8 44. Bd7 Rb7 45. Bc6 Re7 46. Ke4 Rg7 47. g5 a3 48. Rh3 Bc1 49. b6 Rf7 50. Rf3 Bf4 51. b7 Rf8 52. Rxa3 Bxg5 53. Ra8 1-0

[Event "Bad Woerishofen Seniors op 30th"]
[Site "Bad Woerishofen"]
[Date "2014.03.25"]
[Round "5"]
[White "Meul, Willi"]
[Black "Collins, Alan"]
[Result "1-0"]
[WhiteElo "1880"]
[BlackElo "1732"]
[PlyCount "41"]
[EventDate "2014.03.21"]
[EventType "swiss"]
[EventRounds "9"]
[EventCountry "GER"]
[SourceTitle "EXT 2019"]
[Source "ChessBase"]
[SourceDate "2018.10.10"]
[SourceVersion "1"]
[SourceVersionDate "2018.10.10"]
[SourceQuality "1"]

1. d4 d6 2. c4 e5 3. dxe5 dxe5 4. Qxd8+ Kxd8 5. Nc3 c6 6. Nf3 f6 7. e4 Be6 8. Be3 Nd7 9. 0-0-0 Kc7 10. Be2 Be7 11. Ne1 Bc5 12. Nc2 Bxe3+ 13. Nxe3 Nh6 14. Rd2 Nf7 15. Bg4 Bxg4 16. Nxg4 Rad8 17. Rhd1 Nb6 18. Ne3 Rxd2 19. Rxd2 Rd8 20. c5 Rxd2 21. cxb6+ 1-0

[Event "Hessen-chB"]
[Site "Korbach"]
[Date "2013.03.28"]
[Round "3"]
[White "Langhammer, Joerg"]
[Black "Meul, Willi"]
[Result "1/2-1/2"]
[WhiteElo "1721"]
[BlackElo "1854"]
[PlyCount "55"]
[EventDate "2013.03.27"]
[EventType "swiss"]
[EventRounds "7"]
[EventCountry "GER"]
[SourceTitle "EXT 2014"]
[Source "ChessBase"]
[SourceDate "2013.11.20"]
[SourceVersion "1"]
[SourceVersionDate "2013.11.20"]
[SourceQuality "1"]

1. e4 c5 2. Nf3 d6 3. c3 Nf6 4. Qc2 Nc6 5. d4 cxd4 6. Nxd4 a6 7. Nxc6 bxc6 8. Bd3 e5 9. 0-0 Be7 10. h3 0-0 11. f4 Qb6+ 12. Qf2 Qxf2+ 13. Kxf2 exf4 14. Bxf4 Nh5 15. Bh2 f5 16. exf5 Bxf5 17. Bxf5 Rxf5+ 18. Ke2 Rxf1 19. Kxf1 Rf8+ 20. Ke2 Nf4+ 21. Bxf4 Rxf4 22. Nd2 d5 23. Nf3 Bf6 24. Kd2 Re4 25. Re1 Rxe1 26. Nxe1 Kf7 27. Nf3 Ke6 28. Nd4+ 1/2-1/2

[Event "Hessen-chB"]
[Site "Korbach"]
[Date "2013.03.28"]
[Round "2"]
[White "Meul, Willi"]
[Black "Dresen, Dietmar"]
[Result "1-0"]
[WhiteElo "1854"]
[BlackElo "1660"]
[PlyCount "39"]
[EventDate "2013.03.27"]
[EventType "swiss"]
[EventRounds "7"]
[EventCountry "GER"]
[SourceTitle "EXT 2014"]
[Source "ChessBase"]
[SourceDate "2013.11.20"]
[SourceVersion "1"]
[SourceVersionDate "2013.11.20"]
[SourceQuality "1"]

1. d4 c5 2. e3 cxd4 3. exd4 d5 4. Bd3 Nf6 5. Bf4 e6 6. Qe2 Bd6 7. Bxd6 Qxd6 8. Nf3 0-0 9. 0-0 Nc6 10. c3 h6 11. Nbd2 Nd7 12. Rae1 e5 13. dxe5 Ndxe5 14. Nxe5 Re8 15. f4 f6 16. Qh5 Re7 17. Nxc6 Rxe1 18. Rxe1 Be6 19. Nd4 Qxf4 20. Rxe6 1-0